00314nam a22001337a 4500003000400000008004100004020001800045082001600063100001800079245001800097250001100115260004600126300000800172OSt240427b |||||||| |||| 00| 0 eng d a9788183615310 a891.433 BTY aBHANDARI,Manu aYahi Sach Hai a9th Ed aNew DelhibRadhakrishanan Prakashanc2023 a159